| 000 -CABECERA |
| Longitud fija campo de control |
00626nam a2200193 a 4500 |
| 001 - NÚMERO DE CONTROL |
| Número de control |
437 |
| 003 - IDENTIFICADOR DEL NÚMERO DE CONTROL |
| Identificador del número de control |
CDMR |
| 005 - FECHA Y HORA DE LA ÚLTIMA TRANSACCIÓN |
| Fecha y hora de la última transacción |
20131016174928.0 |
| 008 - CÓDIGOS DE INFORMACIÓN DE LONGITUD FIJA |
| Códigos de información de longitud fija |
130130s1994||||||||||||||||||||||||||||d |
| 020 ## - NÚMERO INTERNACIONAL NORMALIZADO PARA LIBROS |
| Número Internacional Normalizado para Libros (ISBN) |
8487657656 |
| 040 ## - FUENTE DE LA CATALOGACIÓN |
| Centro catalogador de origen |
CDMR |
| Lengua de catalogación |
cat |
| Centro transcriptor |
CDMR |
| 100 1# - PUNTO DE ACCESO PRINCIPAL-NOMBRE DE PERSONA |
| Nombre de persona |
Squires, James |
| 9 (RLIN) |
310 |
| 245 12 - MENCIÓN DE TÍTULO |
| Título |
¡ Chantaje a la prensa ! |
| Resto del título |
: la comunicación en manos de las grandes multinacionales |
| Mención de responsabilidad, etc. |
James D. Squires |
| 260 ## - PUBLICACIÓN, DISTRIBUCIÓN, ETC. (PIE DE IMPRENTA) |
| Lugar de publicación, distribución, etc. |
Barcelona |
| Fecha de publicación, distribución, etc. |
1994 |
| Nombre del editor, distribuidor, etc. |
Prensa Ibérica |
| 300 ## - DESCRIPCIÓN FÍSICA |
| Extensión |
189 p ; |
| Dimensiones |
21 cm |
| 650 04 - PUNTO DE ACCESO ADICIONAL DE MATERIA - TÉRMINO DE MATERIA |
| 9 (RLIN) |
311 |
| Término de materia o nombre geográfico como elemento inicial |
Empreses periodístiques |
| Subdivisión geográfica |
Estats Units |
| 650 04 - PUNTO DE ACCESO ADICIONAL DE MATERIA - TÉRMINO DE MATERIA |
| 9 (RLIN) |
3267 |
| Término de materia o nombre geográfico como elemento inicial |
Mitjans de comunicació de massa |
| Subdivisión geográfica |
Estats Units d'Amèrica |
| 942 ## - ENTRADA DE ELEMENTOS AGREGADOS (KOHA) |
| Koha [por defecto] tipo de item |
Monografies |
| Fuente de clasificaión o esquema |
|